00721nam a2200253 a 4500001001300000003000900013005001700022008004100039020000900080082001600089100002100105245003300126260004700159300000900206500003500215505002000250650001300270650002600283700002100309902000800330942000700338952010700345999001500452nice12345678IN_TiNIC20260116011657.0050524s1971 mada grp 000 0 eng  ac1000a294.51bPRE aPresler, Henry H aPrimitive Religions in India aMadrasbChristian Literature Societyc1971 a349p aincludes index and biblioraphy2 aglossary, index aHinduism aTribes-India-Religion1 aPresler, Henry H bSRS cBK 00104070aHMIbHMId2011-02-07g10.00l2o294.51 PREp08601r2019-07-24s2018-11-22w2026-01-16yEB c3336d3336